StarLite's Wrestling Picture Quiz #1: Royal Rumble Winners - Statistics

General Stats
  • This quiz has been taken 10 times
  • The average score is 13 of 16
Answer Stats
Picture Answer % Correct
Cody Rhodes
100%
Hulk Hogan
100%
John Cena
100%
Shawn Michaels
100%
Big John Studd
89%
"Hacksaw" Jim Duggan
89%
"Stone Cold" Steve Austin
89%
Chris Benoit
78%
Liv Morgan
78%
"Main Event" Jey Uso
78%
Sheamus
78%
Alberto Del Rio
67%
Drew McIntyre
67%
Shinsuke Nakamura
67%
Bayley
56%
Rhea Ripley
56%
No matching quizzes found
Score Distribution
Percent of People with Each Score
Percentile by Number Answered
Your Score History
You have not taken this quiz